000 00811nmm a2200265 a 4500
001 ocm0001349934
003 TR-IsHL
005 20201028161031.0
008 161016s2015 tu tur
007 cr cn
020 _a9789752698314
035 _a1349934
_b(N$T)
050 0 4 _aPL248.A83
_bO9
090 0 4 _aPL248.A83
_bO9
100 1 _aAtasoy, Gülay
245 1 0 _aÖzgür kızlar
_h[electronic resource] /
_cGülay Atasoy
260 _aİstanbul :
_bNesil Yayınları,
_c2015
300 _a145 p.
650 4 _aDil ve Edebiyat
650 4 _aLanguage and Literature
650 0 _aTürk romanı
650 0 _aTurkish fiction
650 7 _aLITERARY COLLECTIONS / Middle Eastern
_2bisacsh
856 4 0 _uhttp://search.ebscohost.com/login.aspx?direct=true&scope=site&db=e011xww&AN=1349934
999 _c13910
_d13910